Представление документа в формате MARC21

Поле Инд. ПП Название Значение
Тип записи a
Библиографический уровень b
001 Контрольный номер RU/IS/BASE/140276948
005 Дата корректировки 20200608194357.3
084 a Индекс другой классификации/Индекс ББК 65.59(2Рос)
a Индекс другой классификации/Индекс ББК 65.9(2Рос)-983в6
097 00 a 750
100 10 a Автор Оболенский В. П.
q Полное имя Оболенский Владимир Петрович
245 00 a Заглавие Россия в условиях глобализации мировой экономики: вопросы стратегии и безопасности
504 00 a Библиография Лит.: с. 90
520 00 a Аннотация Статья посвящена "основным тенденциям развития мировой экономики, выявлению конкурентных преимуществ отечественного народного хозяйства, рассмотрены перспективы включения России в систему международного обмена товарами и услугами и определены задачи, встающие перед страной в этой сфере."
650 a Основная рубрика внешнеэкономическая деятельность
a Основная рубрика экономика
653 00 a Ключевые слова внешнеэкономические отношения
a Ключевые слова внешний долг
a Ключевые слова вывоз капитала (экспорт капитала)
a Ключевые слова глобализация экономики
a Ключевые слова Европейский союз (ЕС)
a Ключевые слова Единое экономическое пространство (ЕЭП)
a Ключевые слова импортозамещающая стратегия
a Ключевые слова информатизация общества
a Ключевые слова конкурентоспособность
a Ключевые слова международная интеграция
a Ключевые слова международная торговля
a Ключевые слова международные финансовые отношения
a Ключевые слова мировая экономика
a Ключевые слова мирохозяйственные связи
a Ключевые слова научно-технический прогресс (НТП)
a Ключевые слова Россия
a Ключевые слова рост производства
a Ключевые слова Содружество Независимых Государств (СНГ)
a Ключевые слова социально-экономическое развитие
a Ключевые слова транснациональные корпорации (ТНК)
a Ключевые слова транспортная инфраструктура
a Ключевые слова экономическая безопасность
a Ключевые слова экономическая интеграция
a Ключевые слова экономическая открытость
a Ключевые слова экономическое прогнозирование
a Ключевые слова экспортно ориентированная стратегия
773 00 t Заглавие источника Проблемы прогнозирования
d Дата издания источника 2000
g Прочая информация № 4. - С. 72 - 90 : табл.
w Контрольный № источника RU/IS/BASE/142087671
901 t Тип документа b